logo

Bir Sreshtho Munshi Abdur Rouf Library
Jhenaidah Cadet College

A Dictionary Of Geography / (Record no. 4725)

MARC details
000 -LEADER
fixed length control field 00541nam a2200217 a 4500
001 - CONTROL NUMBER
JCCL Control Number 4725
003 - CONTROL NUMBER IDENTIFIER
JCCL marc code BD-JhCC
005 - DATE AND TIME OF LATEST TRANSACTION
control field 20171210121105.0
008 - FIXED-LENGTH DATA ELEMENTS--GENERAL INFORMATION
fixed length control field 171130s1965 bg ||||| ||a| 001 0 eng d
035 ## - SYSTEM CONTROL NUMBER
system control number (BD-JhCC)4725
040 ## - CATALOGING SOURCE
Original cataloging agency BD-JhCC
Modifying agency BD-JhCC
041 ## - LANGUAGE CODE
Language code of Book eng
082 ## - DEWEY DECIMAL CLASSIFICATION NUMBER
Classification number 910.3
Author mark and Year MOO 1965
100 ## - MAIN ENTRY--PERSONAL NAME
Personal name Moore, W. G.
245 ## - TITLE STATEMENT
Title A Dictionary Of Geography /
Statement of responsibility, etc W. G. Moore
260 ## - PUBLICATION, DISTRIBUTION, ETC. (IMPRINT)
Place of publication, distribution, etc Australia
Name of publisher, distributor, etc Penguin Books Ltd
Date of publication, distribution, etc 1965
300 ## - PHYSICAL DESCRIPTION
Pagination 190 p. :
Dimensions 18 cm.
650 ## - SUBJECT ADDED ENTRY--TOPICAL TERM
Topical term or geographic name as entry element Geograply
General subdivision Dictionary
942 ## - ADDED ENTRY ELEMENTS (KOHA)
Source of classification or shelving scheme Dewey Decimal Classification
Koha item type Books
Holdings
Source of classification or shelving scheme Damaged status Not for loan Home library Current library Shelving location Date of accession Total Checkouts Full call number Barcode Date last seen Copy number Koha item type
Dewey Decimal Classification     JCC Rouf Library JCC Rouf Library General Stacks 11/30/2017   910.3 MOO 1965 5831 11/30/2017 C-1 Books

JCC Library | Contacts | JCC Home

Last Update on 23 September 2017
Copyright @ 2017-2020 JCC Rouf Library
Rouf Library, Jhenidah Cadet College (JCC), Bangladesh